Станции Харьковского метрополитена - Statistics

General Stats
  • This quiz has been taken 225 times
  • The average score is 14 of 30
Answer Stats
Hint Answer % Correct
18 Холодная Гора
69%
12 Пушкинская
62%
23 Спортивная
61%
13 Киевская
60%
30 Индустриальная
59%
10 Исторический Музей
55%
17 Героев Труда
55%
11 Университет
54%
6 Ботанический Сад
53%
19 Южный Вокзал
52%
20 Центральный Рынок
51%
9 Победа
50%
15 Академика Павлова
50%
5 Научная
49%
7 23 Августа
49%
14 Академика Барабашова
48%
1 Метростроителей
47%
16 Студенческая
45%
8 Алексеевская
44%
22 Проспект Гагарина
42%
25 Турбоатом
42%
29 Тракторный завод
41%
27 Армейская
40%
24 Завод имени Малышева
36%
4 Госпром
33%
21 Площадь Конституции
32%
26 Дворец Спорта
31%
2 Защитников Украины
29%
3 Архитектора Бикетова
14%
28 Имени Александра Масельского
11%
No matching quizzes found
Score Distribution
Percent of People with Each Score
Percentile by Number Answered
Your Score History
You have not taken this quiz